|
|
|
|
| LEADER |
01172nam a2200265 a 4500 |
| 001 |
1139992 |
| 008 |
090513s1992 ii a b i011 0 eng d |
| 010 |
|
|
|a \\\94901365
|
| 020 |
|
|
|a 9290221232 :
|c Rs250.00
|
| 040 |
|
|
|a DLC
|c DLC
|d DLC
|
| 082 |
0 |
0 |
|a 362.1/095
|2 20
|
| 245 |
0 |
0 |
|a Collaboration in health development in South-East Asia, 1948-1988 :
|b fortieth anniversary volume, revised.
|
| 250 |
|
|
|a Rev. ed., 1992.
|
| 260 |
|
|
|a New Delhi :
|b World Health Organization, Regional Office for South-East Asia,
|c 1992.
|
| 300 |
|
|
|a xv, 614 p. :
|b ill. ;
|c 24 cm.
|
| 490 |
1 |
|
|a SEARO regional publication.
|x ISSN 0250-8362 ;
|v no. 19
|
| 504 |
|
|
|a Includes bibliographical references (p. 521-537) and index.
|
| 541 |
1 |
|
|e 00006516
|
| 650 |
|
0 |
|a Health planning
|z Southeast Asia
|x History.
|
| 650 |
|
0 |
|a Public health
|z Southeast Asia.
|
| 650 |
|
0 |
|a Medical care
|z Southeast Asia.
|
| 710 |
2 |
|
|a World Health Organization.
|b Regional Office for South-East Asia.
|
| 852 |
4 |
|
|a Ayesha Abed Library
|j Generalshelf
|
| 999 |
|
|
|c 679
|d 679
|
| 952 |
|
|
|0 0
|1 0
|2 ddc
|4 0
|6 362_109500000000000_WHO
|7 0
|8 NFIC
|9 10714
|a BRACUL
|b BRACUL
|c GEN
|d 2010-06-07
|l 0
|o 362.1095 WHO
|p 3010006516
|r 2010-06-07
|t 1
|w 2010-06-07
|y BK
|